000 01902nam a22002777a 4500
999 _c315086
_d315086
001 28714
003 UA-OsUOA
005 20230504161220.0
007 ta
008 20050426b un ||||| |||| 00| 0 ukr d
020 _a966-326-008-4
040 _aUA-OsUOA
_bukr
_cUA-OsUOA
_dUA-OsUOA
041 _aukr
044 _aUA
080 _a347.73(075.8)
090 _a347.73(075.8)
_bД53
100 _aДмитренко Е. С.
245 _aФінансове право України
_bпрактикум
260 _aК.
_bАтіка
_c2004
300 _a216 с.
520 _aДо посібника включено програму курсу «Фінансове право України», плани семінарських (практичних) занять та методичні рекомендації щодо їх підготов­ки і проведення, контрольні запитання, тестові та практичні завдання. Після кожного семінарського (практичного) заняття подано нормативно-правові акти (станом на30. 09. 2003 р.) та додаткову літературу. Посібник містить також: методичні рекомендації до виконання контрольної роботи для слухачів заочної форми навчання та до виконання і захисту курсо­вої та дипломної роботи для слухачів денної та заочної форм навчання і пе­релік питань для підсумкового контролю з курсу «Фінансове право України».
650 7 _2UDC
942 _cBK
_2udc
955 _a0